000 00660nam a2200205 i 4500
001 92886
003 ES-MaACL
005 20230906181059.0
007 t|
008 050330s1972 sp ||||1| spa d
245 0 0 _aLiteratura e ideologias
_b: Pierre Barberis, Andre Gisselbrecht, Mitsou Ronat...[et al.] /
_c[traducción de Socorro Thomas].
260 _a[Madrid :
_bAlberto Corazón,
_c1972]
300 _a262 p. ;
_c21 cm.
490 1 _aComunicación ;
_v18
700 1 _aBarberis, Pierre.
_925430
700 1 _aThomas, Socorro.
_9110049
830 0 _aComunicación ;
_v18
_9180895
852 _aES-MaACL
_jC-49924
_bR.84329
999 _c92886
_d92886